Gánovské poviedky staré príbehy z obce Gánovce

Bibliographic Details
Main Authors: Szabó, Slavomír, 1964- (Author), Bolčová, Silvia (Author), Kratyinová, Zuzana (Author)
Other Authors: Sorokáč, Ján (Illustrator)
Format: Book
Language:Slovak
PhysicalDescription:111 strán ilustrácie 21 cm
Published: Košice Vienala Literárna spoločnosť Pravé orechové 2017
ISBN:9788081261343
Edition:Vydanie prvé
Subjects:

MARC

LEADER 00000cam a2200000 4500
001 vtls011745508
003 SK-MaSNL
005 20260301183139.0
008 200104s2017 xo a g 000 j slo
015 |a SNBA2018/05 
020 |a 9788081261343  |q (brožované) 
035 |a urn:nbn:sk:snk-am00d2l5 
035 |a urn:nbn:sk:snk-am3hjjp 
035 |a C0619272-9075-495C-9F58-EACDC9D47719 
040 |a SNK  |b slo  |c SNK  |e rda 
041 0 |a slo 
043 |a e-xo--- 
044 |a xo  |c SK 
072 7 |a 398  |x Folklór  |2 konspekt 
072 7 |a 821.162.4-3  |x Slovenská próza  |2 konspekt 
080 |a 398  |2 2011 
080 |a (437.6)  |2 2011 
080 |a 821.162.4-32  |2 2011 
100 1 |a Szabó, Slavomír,  |d 1964-  |4 aut  |9 157682 
245 1 0 |a Gánovské poviedky  |b staré príbehy z obce Gánovce  |c Slavomír Szabó, Silvia Bolčová, Zuzana Kratyinová ; ilustrácie Ján Sorokáč 
246 3 0 |a Staré príbehy z obce Gánovce 
246 3 3 |a Príbehy z obce Gánovce 
250 |a Vydanie prvé 
264 1 |a Košice  |b Vienala  |b Literárna spoločnosť Pravé orechové  |c 2017 
300 |a 111 strán  |b ilustrácie  |c 21 cm 
336 |a text  |b txt  |2 rdacontent 
337 |a bez média  |b n  |2 rdamedia 
338 |a zväzok  |b nc  |2 rdacarrier 
366 |e 1000 kusov 
650 0 7 |a ľudová slovesnosť  |2 SNKPH  |9 67005 
650 0 7 |a Folk literature  |2 SNKPHeng  |9 286206 
651 7 |a Gánovce (Slovensko)  |2 SNKPHgeo  |9 31196 
651 7 |a Gánovce (Slovakia)  |2 SNKPHeng  |9 410925 
655 7 |a slovenské príbehy  |2 SNKPH  |9 70494 
655 7 |a Slovak stories  |2 SNKPHeng  |9 277112 
655 7 |a slovenské poviedky  |2 SNKPH  |9 70226 
655 7 |a Slovak tales  |2 SNKPHeng  |9 277330 
700 1 |a Bolčová, Silvia  |4 aut  |9 343242 
700 1 |a Kratyinová, Zuzana  |4 aut  |9 351543 
700 1 |a Sorokáč, Ján  |4 ill  |9 496889 
852 |a Štátna vedecká knižnica v Banskej Bystrici 
919 |a 978-80-8126-134-3 
958 |a LX 
999 |c 856008  |d 857938 
952 |a SNK  |b SNK  |y PREZ  |7 0  |p 17A1323164  |o snkSC 178918  |i snk2018/7417  |8 0  |0 0  |1 0  |4 0  |d 2018-03-28  |f 1  |l 0  |r 2026-02-24 04:56:22  |w 2026-02-24 
952 |a SNK  |b SNK  |y VYP  |7 0  |p 17A1323165  |o snkSC 178918 D1  |i snk2018/7418  |8 0  |0 0  |1 0  |4 0  |d 2018-03-28  |l 0  |r 2026-02-24 04:56:22  |w 2026-02-24